|
|
|
|
| LEADER |
01441nam a2200409 a 4500 |
| 001 |
EBC698868 |
| 003 |
MiAaPQ |
| 005 |
20191030193400.0 |
| 006 |
m o d | |
| 007 |
cr cn||||||||| |
| 008 |
100208s2010 njua s 001 0 eng d |
| 010 |
|
|
|z 2010003434
|
| 020 |
|
|
|z 9780470520635 (cloth)
|
| 020 |
|
|
|z 9780470520635
|
| 020 |
|
|
|z 0470520639 (cloth)
|
| 020 |
|
|
|a 9781118107980 (electronic bk.)
|
| 020 |
|
|
|a 9781118107980 (electronic bk.)
|
| 035 |
|
|
|a (MiAaPQ)EBC698868
|
| 035 |
|
|
|a (Au-PeEL)EBL698868
|
| 035 |
|
|
|a (CaPaEBR)ebr10484754
|
| 035 |
|
|
|a (CaONFJC)MIL317711
|
| 035 |
|
|
|a (OCoLC)746598415
|
| 040 |
|
|
|a MiAaPQ
|c MiAaPQ
|d MiAaPQ
|
| 050 |
|
4 |
|a HG4530
|b .W546 2010
|
| 082 |
0 |
4 |
|a 332.64/524
|2 22
|
| 100 |
1 |
|
|a Wilson, Richard C.
|
| 245 |
1 |
4 |
|a The hedge fund book
|h [electronic resource] :
|b a training manual for professionals and capital-raising executives /
|c Richard C. Wilson.
|
| 260 |
|
|
|a Hoboken, N.J. :
|b Wiley,
|c c2010.
|
| 300 |
|
|
|a xv, 191 p. :
|b ill.
|
| 490 |
1 |
|
|a Wiley finance
|
| 500 |
|
|
|a Includes index.
|
| 533 |
|
|
|a Electronic reproduction. Ann Arbor, MI : ProQuest, 2016. Available via World Wide Web. Access may be limited to ProQuest affiliated libraries.
|
| 650 |
|
0 |
|a Hedge funds.
|
| 655 |
|
4 |
|a Electronic books.
|
| 710 |
2 |
|
|a ProQuest (Firm)
|
| 830 |
|
0 |
|a Wiley finance series.
|
| 856 |
4 |
0 |
|u https://ebookcentral.proquest.com/lib/matrademy/detail.action?docID=698868
|z Click to View
|